[Event "ARG-Cup"]
[Site "?"]
[Date "1995.??.??"]
[Round "1"]
[White "Juarez, Carlos Eleodoro"]
[Black "Panno, Oscar"]
[Result "0-1"]
[WhiteElo "2215"]
[BlackElo "2510"]

1.e4 c5 2.Nf3 e6 3.Nc3 Nc6 4.d4 cxd4 5.Nxd4 d6 6.Be2 Nf6 7.O-O Be7 8.Nb3 a6
9.a4 b6 10.f4 Qc7 11.Be3 Rb8 12.Qe1 O-O 13.g4 Nd7 14.g5 Re8 15.h4 Nb4 16.Rc1 Bf8
17.h5 Nc5 18.Nd2 Bd7 19.b3 b5 20.axb5 axb5 21.Nd1 Ncd3 22.cxd3 Qxc1 23.Nf3 Qa3
24.Qg3 Nc2 25.g6 fxg6 26.hxg6 h6 27.Bd2 Qxb3 28.Ne3 Nxe3 29.Bxe3 b4 30.Nd4 Qa2
31.Bg4 b3 32.f5 exf5 33.Bxf5 Bxf5 34.Nxf5 b2  0-1

[Event "Arhus Sommer"]
[Site "Arhus"]
[Date "1995.??.??"]
[Round "2"]
[White "Rewitz, Poul"]
[Black "Kjeldsen, Jens"]
[Result "1-0"]
[WhiteElo "2325"]
[BlackElo "2410"]

1.e4 c5 2.Nf3 e6 3.Nc3 Nc6 4.d4 cxd4 5.Nxd4 Nf6 6.Ndb5 d6 7.Bf4 e5 8.Bg5 a6
9.Na3 b5 10.Bxf6 gxf6 11.Nd5 Bg7 12.Bd3 Ne7 13.Nxe7 Qxe7 14.O-O O-O 15.c4 f5
16.Qf3 bxc4 17.Nxc4 d5 18.exd5 e4 19.Qe3 Qf6 20.Bc2 Bb7 21.Rad1 Rad8 22.d6 f4
23.Qh3 Qg5 24.d7 f5 25.Nd6 Ba8 26.Bb3+ Kh8 27.Nf7+ Rxf7 28.Bxf7 e3 29.Rfe1 Qf6
30.Bd5 Bxd5 31.Rxd5 exf2+ 32.Kxf2 Qxb2+ 33.Kf1 Bd4 34.Qh4  1-0

[Event "Donau op"]
[Site "Aschach"]
[Date "1995.??.??"]
[Round "1"]
[White "Hoeglinger, Christian"]
[Black "Haba, Petr"]
[Result "0-1"]
[WhiteElo "2035"]
[BlackElo "2410"]

1.e4 c5 2.Nf3 e6 3.d4 cxd4 4.Nxd4 Nc6 5.Nc3 Qc7 6.Be2 a6 7.a4 Nf6 8.O-O Bb4
9.Nxc6 bxc6 10.Bd3 d5 11.exd5 cxd5 12.Bd2 Bd6 13.h3 O-O 14.Bg5 Be5 15.Qf3 h6
16.Bd2 Bb7 17.Qe2 Rfe8 18.a5 Bd6 19.Na4 e5 20.f3 Nh5 21.Rfe1 e4 22.fxe4 Bh2+
23.Kf2 dxe4 24.Bc4 e3+ 25.Bxe3 Qg3+ 26.Kf1 Rxe3 27.Bxf7+ Kh8  0-1

[Event "AUT-chT2W 9596"]
[Site "Austria"]
[Date "1995.??.??"]
[Round "?"]
[White "Kleiser, Gregor"]
[Black "Srienz, Christian"]
[Result "0-1"]
[WhiteElo "2170"]
[BlackElo "2070"]

1.e4 c5 2.Nf3 e6 3.Nc3 Nc6 4.d4 cxd4 5.Nxd4 Nf6 6.Ndb5 d6 7.Bf4 e5 8.Bg5 a6
9.Na3 Be6 10.Bxf6 gxf6 11.Nd5 Rc8 12.Nc4 Bxd5 13.exd5 Ne7 14.Qf3 f5 15.O-O-O Bg7
16.h4 b5 17.Ne3 e4 18.Qh5 Qa5 19.Nxf5 Nxf5 20.Qxf5 Bxb2+ 21.Kb1 Qb4 22.Qxc8+ Ke7
23.Qc7+ Kf6 24.Qxd6+ Qxd6 25.Kxb2 Qf4 26.Be2 Rd8 27.c3 Ke5 28.f3 Rxd5 29.Rxd5+ Kxd5
30.fxe4+ Kc5 31.Rd1 Qf2 32.Rd5+ Kb6 33.Rd6+ Kc7 34.Rd2 Qxg2 35.e5 Qe4 36.Bh5 Qxh4
37.Bd1 Qe1 38.Rd5 b4 39.cxb4 Qxb4+ 40.Bb3 Qe4 41.a3 h5 42.Rc5+ Kb6 43.Rc3 Qe2+  0-1

[Event "AUT-chT2S 9495"]
[Site "?"]
[Date "1995.??.??"]
[Round "1"]
[White "Steflitsch, Erich"]
[Black "Horvath, Tamas"]
[Result "0-1"]
[WhiteElo "2285"]
[BlackElo "2435"]

1.e4 c5 2.Nf3 e6 3.d4 cxd4 4.Nxd4 Nc6 5.Nc3 Qc7 6.Be2 a6 7.O-O Nf6 8.Kh1 Bb4
9.f4 Bxc3 10.bxc3 Nxe4 11.Qe1 Nxd4 12.cxd4 d5 13.Bd3 O-O 14.c4 f5 15.Ba3 Rf7
16.Rc1 Qd8 17.Rb1 Rb8 18.Bxe4 fxe4 19.f5 exf5 20.cxd5 Bd7 21.Bd6 Rc8 22.Rxb7 Be8
23.Qb4 h6 24.Rxf7 Bxf7 25.h3 Qd7 26.Be5 Bxd5 27.Qb6 Kh7 28.Kh2 Rc2  0-1

[Event "AUT-chT9495"]
[Site "?"]
[Date "1995.??.??"]
[Round "?"]
[White "Popovic, Petar"]
[Black "Plachetka, Jan"]
[Result "0-1"]
[WhiteElo "2545"]
[BlackElo "2420"]

1.e4 c5 2.Nf3 e6 3.d4 cxd4 4.Nxd4 Nc6 5.Nc3 d6 6.g3 Nge7 7.Nb3 b6 8.Be3 Ng6
9.f4 Be7 10.Qd2 Bb7 11.O-O-O a6 12.Na4 b5 13.Nb6 Rb8 14.h4 Qc7 15.h5 Nf8
16.h6 g5 17.Bd3 Ng6 18.Rhf1 gxf4 19.gxf4 Rg8 20.Rg1 Bf8 21.f5 Nge7 22.fxe6 fxe6
23.Be2 Rxg1 24.Rxg1 Ng6 25.Bg4 Nce5 26.Bxe6 Bxe4 27.Nd5 Qd8 28.Bg5 Nf3 29.Qc3 Bxd5
30.Bxd8 Nxg1 31.Bxd5 Ne2+  0-1

[Event "AUT-chT9495"]
[Site "?"]
[Date "1995.??.??"]
[Round "?"]
[White "Cigan, Stefan"]
[Black "Sinowjew, Juri"]
[Result "1-0"]
[WhiteElo "2365"]
[BlackElo "2310"]

1.e4 c5 2.Nf3 e6 3.d4 cxd4 4.Nxd4 Nc6 5.Nc3 a6 6.f4 Qc7 7.Be2 d6 8.f5 Ne5
9.fxe6 fxe6 10.O-O Nf6 11.Bg5 Be7 12.Bxf6 Bxf6 13.Bh5+ Nf7 14.e5 dxe5 15.Ne4 exd4
16.Nxf6+ gxf6 17.Rxf6 Rf8 18.Qf3 Ra7 19.Rf1 b6 20.Qg4 Qc5 21.b4 Qxb4 22.Qg7 Kd8
23.Bxf7 Rd7 24.Qg5 Qc5 25.R6f5+ Qe7 26.Bxe6 Rxf5 27.Rxf5 Qxg5 28.Rxg5 Ke7
29.Bxd7 Bxd7 30.Rd5 Be6 31.Rxd4 Bxa2 32.Ra4 Bb1 33.Ra1 Bxc2 34.Rc1 Kd6 35.Rxc2 a5
36.Kf1 b5 37.Ke1 a4 38.Kd2 Kd5 39.Rc8 b4 40.Kd3 a3 41.Kc2  1-0

[Event "AUT-chT9495"]
[Site "?"]
[Date "1995.??.??"]
[Round "?"]
[White "Schlosser, Michael"]
[Black "Sinowjew, Juri"]
[Result "0-1"]
[WhiteElo "2370"]
[BlackElo "2310"]

1.e4 c5 2.Nf3 e6 3.d4 cxd4 4.Nxd4 Nc6 5.Nc3 a6 6.Be3 Nf6 7.f3 Qc7 8.g4 h6
9.Qd2 Bb4 10.a3 Be7 11.Rg1 b5 12.h4 Bb7 13.g5 hxg5 14.hxg5 Rh2 15.gxf6 Rxd2
16.fxg7 O-O-O 17.g8=Q Rxd4 18.Bxd4 Nxd4 19.O-O-O Nxf3 20.Qxf7 Nxg1 21.Qxe7 Nf3
22.Qf6 Qg3 23.Kb1 Ne5 24.a4 b4 25.Ne2 Qh2 26.Nf4 Qh8 27.Qg5 Nc6 28.Bc4 Qe5
29.Nxe6 Rh8 30.Qg6 dxe6 31.Bxe6+ Kb8 32.Bd5 Rc8 33.Qg1 Na5 34.Qe1 Qc7 35.Qd2 Bxd5
36.exd5 Qd6 37.b3 Nb7 38.Rh1 Qc5 39.Rh7 Nd6 40.Qh2 Qxd5 41.Rd7 Qd1+ 42.Kb2 Qd4+
43.Kb1 Rc6 44.Rh7 Rc7 45.Rxc7 Kxc7 46.Qh7+ Kc6 47.Qg8 Kd7 48.Qh7+ Ke6 49.Qg6+ Ke5
50.Qg7+ Kd5 51.Qg8+ Kc5 52.Qb8 Ne4 53.Qc7+ Kd5 54.Qf7+ Ke5 55.Qg7+ Nf6 56.Qg5+ Ke4
57.Qh4+ Kd5 58.Qg5+ Qe5 59.Qg2+ Kc5 60.Qf2+ Kc6 61.Qa7 a5 62.Qa6+ Kd7 63.Qb7+ Kd6
64.Qb8+ Kd5 65.Qb5+ Ke4 66.Qe2+ Kf4 67.Qh2+ Kf5 68.Qf2+ Kg5 69.Qd2+ Kh5 70.Qd1+ Ng4
71.Qh1+ Kg5 72.Qg2 Qe1+ 73.Kb2 Kf4 74.Qc6 Qe5+ 75.Ka2 Ne3 76.Qh6+ Kf3 77.Qh3+ Ke2
78.Kb1 Qc7 79.Qh5+ Kd2  0-1

[Event "AUT-chT9495"]
[Site "?"]
[Date "1995.??.??"]
[Round "?"]
[White "Schumi, Manfred"]
[Black "Watzka, Horst"]
[Result "1/2-1/2"]
[WhiteElo "2230"]
[BlackElo "2340"]

1.e4 c5 2.Nf3 Nc6 3.Nc3 e6 4.d4 cxd4 5.Nxd4 Qc7 6.g3 a6 7.Bg2 Nf6 8.O-O Be7
9.Re1 Nxd4 10.e5 Nb5 11.Nxb5 axb5 12.exf6 Bxf6 13.Bf4 Qb6 14.c3 O-O 15.Bd6 Re8
16.Re2 Be7 17.Rd2 Ra6 18.Bxe7 Rxe7 19.Qb3 Qc5 20.Bf1 Rb6 21.a3 d5 22.Rd4 Rc7
23.Rad1 Bd7 24.Re1 Ra6 25.Bd3 Ra4 26.Rb4 g6 27.h4 Rc8 28.Qd1 Rxb4 29.axb4 Qd6
30.Qe2 d4 31.Rd1 dxc3  1/2-1/2

[Event "AUT-chT2O 9596"]
[Site "AUT"]
[Date "1995.??.??"]
[Round "2"]
[White "Prager, Manfred"]
[Black "Groetz, Harald"]
[Result "1-0"]
[WhiteElo "2195"]
[BlackElo "2235"]

1.e4 c5 2.Nf3 e6 3.Nc3 Nc6 4.d4 cxd4 5.Nxd4 Nf6 6.Ndb5 Bb4 7.a3 Bxc3+ 8.Nxc3 d5
9.exd5 exd5 10.Bg5 O-O 11.Be2 Bf5 12.O-O d4 13.Na2 Qd6 14.Bxf6 Qxf6 15.Nc1 Rac8
16.Bd3 Ne5 17.Bxf5 Qxf5 18.Qxd4 Rxc2 19.b4 Rc4 20.Qxa7 Nf3+ 21.gxf3 Qxf3
22.Ne2 Qxe2 23.Qxb7 Rg4+ 24.Kh1 Re4 25.f3 Rd4 26.Qb6 Rd2 27.Qg1 Qe5 28.Qg3 Qb2
29.Rfb1 Qc3 30.b5 f5 31.Qf4 Rd4 32.Qg3 Rd2 33.Rc1 Rc2 34.Rf1 f4 35.Qh4 Qc4
36.a4 Ra2 37.Rab1 Rxa4 38.Rfc1 Qe2 39.Qh3 Ra5 40.Re1 Qd3 41.Qe6+ Kh8 42.Qb3 Qxb3
43.Rxb3 h6 44.b6 Kh7 45.b7 Rb8 46.Re7 Rc5 47.Kg2 Rf5 48.Rc7 Rff8 49.Rb6 Rfe8
50.Kh3 Rf8 51.Kg4 Rfd8 52.Kxf4 Rf8+ 53.Kg3 Rbd8 54.Rb3 Rb8 55.h4 Kg6 56.Rb6+ Rf6
57.Rb5 h5 58.Rc8  1-0

[Event "Avoine op"]
[Site "Avoine"]
[Date "1995.??.??"]
[Round "4"]
[White "Istratescu, Andrei"]
[Black "Berend, Fred"]
[Result "1-0"]
[WhiteElo "2505"]
[BlackElo "2405"]

1.e4 c5 2.Nf3 e6 3.d4 cxd4 4.Nxd4 Nc6 5.Nc3 Qc7 6.Be2 a6 7.f4 Bb4 8.Be3 Nf6
9.Bf3 d5 10.e5 Ne4 11.Bxe4 dxe4 12.O-O Bxc3 13.bxc3 O-O 14.Nb3 Na5 15.Qd4 b5
16.Nxa5 Qxa5 17.Qxe4 Rb8 18.Qb4 Qxb4 19.cxb4 Bb7 20.Rfd1 Rfd8 21.Rd6 Rxd6
22.exd6 Bc6 23.Kf2 f6 24.Bc5 Kf7 25.Re1 g6 26.g4 Bd5 27.h4 Rc8 28.g5 f5 29.Re3 a5
30.a3 axb4 31.axb4 Ra8 32.Rh3 e5 33.fxe5 Ke6 34.h5 Kxe5 35.hxg6 hxg6 36.Rh7 Be6
37.Rg7 f4 38.Rxg6 Ra2 39.Rg7 Rxc2+ 40.Ke1 Bg4 41.Re7+ Kf5 42.d7 Rc1+ 43.Kd2 Rd1+
44.Kc3 Kxg5 45.Rg7+ Kf5 46.Bd4  1-0

[Event "Azov"]
[Site "Azov"]
[Date "1995.??.??"]
[Round "6"]
[White "Berelovich, Aleksandar"]
[Black "Poluljahov, Aleksandr"]
[Result "0-1"]
[WhiteElo "2485"]
[BlackElo "2450"]

1.e4 c5 2.Nf3 e6 3.d4 cxd4 4.Nxd4 Nc6 5.Nc3 a6 6.Be2 d6 7.Be3 Nf6 8.Qd2 Be7
9.O-O-O O-O 10.f4 Nd7 11.g4 Nxd4 12.Qxd4 b5 13.Rhg1 Qa5 14.f5 b4 15.fxe6 fxe6
16.Nb1 Ne5 17.Nd2 Qxa2 18.Qxb4 Bd7 19.Nc4 Rf2  0-1

[Event "Bad Woerishofen op"]
[Site "Bad Woerishofen"]
[Date "1995.??.??"]
[Round "8"]
[White "Howell, James C"]
[Black "Matthaei, Alexander"]
[Result "1-0"]
[WhiteElo "2520"]
[BlackElo "2320"]

1.e4 c5 2.Nf3 e6 3.d4 cxd4 4.Nxd4 Nc6 5.Nc3 a6 6.Be3 Nf6 7.Bd3 d5 8.exd5 exd5
9.O-O Bd6 10.Nxc6 bxc6 11.h3 O-O 12.Qd2 Rb8 13.Na4 Re8 14.Bf4 Rb4 15.Bxd6 Qxd6
16.b3 Ne4 17.Rae1 f5 18.Bxe4 Rbxe4 19.f3 R4e7 20.Rxe7 Qxe7 21.Qf2 f4 22.Nc5 Bf5
23.Nxa6 h6 24.Nc5 Qa7 25.a4 Re3 26.b4 Qe7 27.Qd2 Qe5 28.Kh2 Re2 29.Nd3 Rxd2
30.Nxe5 Rxc2 31.Ra1 Bc8 32.Ng6 Kf7 33.Nxf4 Rb2 34.Nd3 Rb3 35.Ne5+ Ke6 36.Nxc6 Kd6
37.b5 Bd7 38.Rc1 Ra3 39.a5 Rb3 40.a6 Ra3 41.Kg3 Ra4 42.a7 g5 43.Kf2 h5 44.g3 d4
45.Rc4 Ra2+ 46.Ke1 d3 47.Rd4+ Kc7 48.Rxd3 Bxc6 49.Rc3  1-0

[Event "Badalona op"]
[Site "Badalona"]
[Date "1995.??.??"]
[Round "1"]
[White "Ballesteros, David"]
[Black "Kalesis, Nikolaos"]
[Result "0-1"]
[WhiteElo "2165"]
[BlackElo "2420"]

1.e4 c5 2.Nf3 e6 3.d4 cxd4 4.Nxd4 Nc6 5.Nc3 d6 6.Be3 Nf6 7.f3 Be7 8.Qd2 O-O
9.g4 a6 10.O-O-O Nxd4 11.Bxd4 b5 12.g5 Nd7 13.h4 Bb7 14.Rg1 Rc8 15.h5 Ne5
16.Bxe5 dxe5 17.Qxd8 Rcxd8 18.Rxd8 Rxd8 19.Bh3 g6 20.hxg6 hxg6 21.Nd1 Kg7
22.Bf1 Rh8 23.Ne3 Rh5 24.Kd1 Bxg5 25.Ng4 Bf4 26.Nf2 f5 27.Bd3 Kf6 28.Ke2 g5
29.a3 Rh2 30.b3 g4 31.fxg4 fxe4  0-1

[Event "Barbera del Valles op"]
[Site "Barbera del Valles"]
[Date "1995.??.??"]
[Round "6"]
[White "Rahal, Michael"]
[Black "Ruiz Diez, Julio Cesar"]
[Result "1-0"]
[WhiteElo "2345"]
[BlackElo "2170"]

1.e4 c5 2.Nc3 e6 3.Nf3 Nc6 4.d4 cxd4 5.Nxd4 a6 6.g3 Qc7 7.Bg2 Nf6 8.O-O Be7
9.Re1 Nxd4 10.Qxd4 d6 11.e5 dxe5 12.Qxe5 Qxe5 13.Rxe5 Bd6 14.Re2 Rb8 15.Be3 b6
16.Rd1 Bc7 17.Ne4 Nxe4 18.Bxe4 O-O 19.f4 e5 20.f5 Rd8 21.Red2 Rxd2 22.Rxd2 f6
23.c4 Kf7 24.Kf2 Ke7 25.c5 Bd7 26.Kf3 bxc5 27.Bxc5+ Ke8 28.b4 Bb5 29.Bd5 Rd8
30.Ke4 g6 31.g4 Bf1 32.a4 Bh3 33.Bc6+ Kf7 34.Rd7+ Rxd7 35.Bxd7 Bg2+ 36.Ke3 e4
37.h4 Bf3 38.fxg6+ hxg6 39.b5 axb5 40.axb5 Bh2 41.Kf2 Bb8 42.b6 Kg7 43.Be6 Bh1
44.Bd4 e3+ 45.Kxe3 Kh6 46.Bxf6 Bh2 47.Kd3 Bf3 48.Bc8 Bg3 49.b7 Bg2 50.Ke3 Bc6
51.Bg5+ Kg7 52.Bf4 Bxb7 53.Bxb7 Bxh4 54.Ke4 g5 55.Bd2 Kf6 56.Bc3+ Kg6 57.Ke5 Bf2
58.Be4+  1-0

[Event "Regionalliga SO9596"]
[Site "Bayern"]
[Date "1995.??.??"]
[Round "?"]
[White "Hiermann, Dietmar"]
[Black "Bichlmeier, Juergen"]
[Result "1-0"]
[WhiteElo "2205"]
[BlackElo "2025"]

1.e4 c5 2.Nc3 e6 3.Nf3 Nc6 4.d4 cxd4 5.Nxd4 Nf6 6.Ndb5 Bb4 7.a3 Bxc3+ 8.Nxc3 d5
9.exd5 Nxd5 10.Nxd5 Qxd5 11.Qxd5 exd5 12.Bf4 Bg4 13.h3 Bh5 14.Bb5 O-O 15.f3 Bg6
16.c3 Rfe8+ 17.Kf2 a6 18.Ba4 Rad8 19.Rhe1 b5 20.Bb3 d4 21.Bc7 Rc8 22.Rxe8+ Rxe8
23.Re1 Rxe1 24.Kxe1 dxc3 25.bxc3 a5 26.Bd5 b4 27.cxb4 axb4 28.Bxc6 bxa3 29.Bd5 Bb1
30.Kd2 a2 31.Be5 Kf8 32.Kc1 f6 33.Bd6+ Ke8 34.Kb2 a1=Q+ 35.Kxa1 Bd3 36.Be6 Bf1
37.g3 g5 38.Kb2 Bd3 39.Kc3 Bg6 40.Kd4 h6 41.Ke3 Bh7 42.f4 Bc2 43.fxg5 hxg5
44.h4 gxh4 45.gxh4 Bd1 46.Kf4 Bc2 47.h5 Bh7 48.Bb4 Kd8 49.Bf5 Bg8 50.Bg6  1-0

[Event "Oberliga Bayern9596"]
[Site "Bayern"]
[Date "1995.??.??"]
[Round "?"]
[White "Tran, Phat"]
[Black "Stadler, Lothar"]
[Result "1-0"]
[WhiteElo "2105"]
[BlackElo "1850"]

1.e4 c5 2.Nf3 Nc6 3.d4 cxd4 4.Nxd4 e6 5.Nc3 a6 6.Nxc6 bxc6 7.Bd3 Bc5 8.O-O Ne7
9.Qh5 Bd4 10.Bg5 Qa5 11.Qg4 h5 12.Qg3 Ng6 13.Bd2 h4 14.Qg4 Qh5 15.Qxh5 Rxh5
16.Kh1 e5 17.Rad1 d6 18.b3 a5 19.Na4 Ba6 20.Bxa6 Rxa6 21.Bc1 f5 22.c3 Bc5
23.Nxc5 dxc5 24.Rd6 Ne7 25.Ba3 fxe4 26.Rfd1 Nd5 27.R1xd5 cxd5 28.Rxa6 d4
29.Bxc5 dxc3 30.Be3 Rf5 31.Rxa5 Rf6 32.Rxe5+ Kf7 33.Rxe4 Rd6 34.Rd4 Rc6 35.h3 Ra6
36.a4 c2 37.Rc4 Rd6 38.Rxc2 Rd1+ 39.Kh2 Rb1 40.Rc7+  1-0

[Event "Regionalliga SW9495"]
[Site "Bayern"]
[Date "1995.??.??"]
[Round "1"]
[White "Kraemer, Stefan"]
[Black "Fischer, Hans"]
[Result "0-1"]
[WhiteElo "2115"]
[BlackElo "2155"]

1.e4 c5 2.Nf3 e6 3.d4 cxd4 4.Nxd4 Nc6 5.Nc3 a6 6.f4 Qc7 7.Be3 b5 8.Bd3 Bb7
9.Nf3 Na5 10.Qe2 Rc8 11.O-O Nc4 12.Bxc4 Qxc4 13.Qxc4 Rxc4 14.Rad1 Nf6 15.f5 Bc5
16.Bxc5 Rxc5 17.fxe6 dxe6 18.Rd4 O-O 19.Re1 e5 20.Rd6 b4 21.Rb6 bxc3 22.Rxb7 cxb2
23.Rxb2 Rfc8 24.Re2 h6 25.h3 Ra5 26.Kf2 Rc4 27.Nd2 Rca4 28.Rb8+ Kh7 29.Nb3 Rb5
30.Rf8 Nxe4+ 31.Kg1 Nc5 32.Nc1 Rb1 33.Re1 Re4 34.Rf1 Rf4 35.Re1 Ne6 36.Re8 Rc4
37.Rf1 Rxc2 38.Nd3 Rxf1+ 39.Kxf1 e4 40.Ne5 e3 41.Nxf7 e2+ 42.Kf2 Nf4  0-1

[Event "Regionalliga NO9495"]
[Site "Bayern"]
[Date "1995.??.??"]
[Round "4"]
[White "Ponnath, Lorenz"]
[Black "Raedlinger, Stefan"]
[Result "1/2-1/2"]
[WhiteElo "2065"]
[BlackElo "2095"]

1.e4 c5 2.Nf3 Nc6 3.Nc3 e6 4.d4 cxd4 5.Nxd4 a6 6.Be2 Nge7 7.O-O Nxd4 8.Qxd4 Nc6
9.Qe3 b5 10.a4 b4 11.Nd5 Qa5 12.c3 bxc3 13.b4 Nxb4 14.Qxc3 exd5 15.Qe5+ Be7
16.Qxg7 Rf8 17.exd5 Bb7 18.Bf3 O-O-O 19.Be3 Nxd5 20.Rab1 Bc6 21.Qg3 Qc7 22.Bxd5 Qxg3
23.hxg3 Bxd5 24.Rfc1+ Bc6 25.Bf4 d6 26.Rxc6+ Kd7 27.Rxa6 Ra8 28.Rab6 Rfc8
29.Re1 Bf8 30.Rd1 Rc6 31.Rb7+ Rc7 32.Rb4 Rca7 33.Be3 Rxa4 34.Rb7+ Ke6 35.Re1 h5
36.Rb5 d5 37.Rb7 Re4 38.Kf1 Ra6 39.Rb6+ Rxb6 40.Bxb6 Bg7 41.Rxe4+ dxe4 42.Ke2 Kd5
43.Be3 Be5 44.Bg5  1/2-1/2

[Event "Regionalliga SO9495"]
[Site "Bayern"]
[Date "1995.??.??"]
[Round "7"]
[White "Kramer, Kurt"]
[Black "Goller, Sebastian"]
[Result "1/2-1/2"]
[WhiteElo "1940"]
[BlackElo "1820"]

1.e4 c5 2.Nf3 Nc6 3.Nc3 e6 4.d4 cxd4 5.Nxd4 Nf6 6.Ndb5 d6 7.Bf4 e5 8.Bg5 a6
9.Na3 b5 10.Nd5 Be7 11.Bxf6 Bxf6 12.c3 Bg5 13.Nc2 O-O 14.Nce3 g6 15.Bd3 f5
16.exf5 gxf5 17.Qh5 e4 18.Bc2 b4 19.Nxb4 Nxb4 20.cxb4 Be6 21.O-O d5 22.Bb3 Bf7
23.Bxd5 Bxe3 24.Bxf7+ Rxf7 25.fxe3 Qb6 26.Qg5+ Kh8 27.Rxf5 Rg8 28.Qf4 Qg6
29.Qe5+ Rgg7 30.Qe8+ Rg8  1/2-1/2

[Event "Regionalliga NO9495"]
[Site "Bayern"]
[Date "1995.??.??"]
[Round "7"]
[White "Kammer, Thomas"]
[Black "Beck, Karl"]
[Result "1-0"]
[WhiteElo "1970"]
[BlackElo "2025"]

1.e4 c5 2.Nf3 e6 3.d4 cxd4 4.Nxd4 Nc6 5.Nc3 a6 6.f4 Qb6 7.Nb3 d6 8.Qf3 Nf6
9.Be3 Qc7 10.Bd3 Be7 11.O-O Rb8 12.Rae1 b5 13.Qg3 g6 14.f5 b4 15.Ne2 Ne5
16.Nf4 Nxd3 17.cxd3 exf5 18.exf5 Bxf5 19.Bd4 O-O 20.Qg5 h6 21.Qxh6 Rb5 22.Qh4 Re5
23.Bxe5 dxe5 24.Nh3 Rd8 25.Qg3 Ng4 26.Nf2 Qb6 27.Kh1 Nxf2+ 28.Rxf2 Rxd3 29.Rf3 Rxf3
30.Qxf3 e4 31.Qe2 Bf6 32.Nd2 Bxb2 33.Nc4 Qe6 34.Nxb2 Qxa2 35.Nc4 Qb3 36.Nd6 Qd3
37.Nxe4 Bxe4 38.Qxe4 Qd6 39.Rb1 a5 40.Qa8+  1-0

[Event "Regionalliga NO9495"]
[Site "Bayern"]
[Date "1995.??.??"]
[Round "8"]
[White "Kiersch, Helmut"]
[Black "Hoffmann, Ayar"]
[Result "0-1"]
[WhiteElo "1935"]
[BlackElo "1825"]

1.e4 c5 2.Nf3 e6 3.d4 cxd4 4.Nxd4 Nc6 5.Nc3 a6 6.a3 Qc7 7.Be3 Nf6 8.Be2 Bd6
9.Ndb5 axb5 10.Nxb5 Qa5+ 11.Bd2 Bb4 12.Nd6+ Ke7 13.Bxb4 Nxb4 14.O-O Na6 15.b4 Qe5
16.Nc4 Qc7 17.e5 Ne4 18.Qd4 d5 19.exd6+ Nxd6 20.Nxd6 Qxd6 21.Qxg7 Bd7 22.Qg5+ Kf8
23.Rad1 Qe7 24.Qh6+ Ke8 25.Qg7 Rf8 26.Qxh7 Nc7 27.Rd2 Bc6 28.Qg7 Rd8 29.Rfd1 Rxd2
30.Rxd2 Nb5 31.Bxb5 Bxb5 32.Qe5 Bd7 33.Qb8+ Qd8 34.Qxb7 Rg8 35.g3 Rg5 36.c4 Re5
37.h4 Qc8 38.Qxc8+ Bxc8 39.f4 Re3 40.Kf2 Rxa3 41.h5 Bb7 42.b5 Rf3+ 43.Ke1 Rxg3
44.c5 Bd5 45.Rh2 Kf8 46.Kd2 Rb3 47.Kc1 Rxb5 48.Rc2 Bc6 49.h6 Kg8 50.Kd2 Kh7
51.Ke3 Kxh6 52.Kd4 f6 53.Re2 Bd5 54.c6 Rb4+ 55.Kc5 Rc4+ 56.Kd6 Rxc6+ 57.Ke7 Kg6
58.f5+ exf5 59.Rd2 Be4 60.Kd7 Ra6 61.Ke7 Kg5 62.Kf7  0-1

[Event "Lee Cup"]
[Site "Beijing"]
[Date "1995.??.??"]
[Round "2"]
[White "Tong Yuanming"]
[Black "Al Modiahki, Mohamad"]
[Result "1-0"]
[WhiteElo "2485"]
[BlackElo "2445"]

1.e4 c5 2.Nf3 e6 3.d4 cxd4 4.Nxd4 Nc6 5.Nc3 Qc7 6.Be3 a6 7.Be2 Nf6 8.O-O Bb4
9.Na4 O-O 10.Nxc6 bxc6 11.c4 Bd6 12.f4 Nxe4 13.Bd3 Nf6 14.Bb6 Qb8 15.Qd2 Be7
16.Rf3 d6 17.Bc2 c5 18.Ba5 Bd7 19.Nb6 Ra7 20.Nxd7 Rxd7 21.Re1 d5 22.cxd5 Rxd5
23.Qe2 Qb5 24.Bc3 Qxe2 25.Rxe2 c4 26.Kf1 Ng4 27.Rh3 h5 28.Be4 Rd1+ 29.Re1 Rxe1+
30.Kxe1 Bf6 31.Rxh5 Bxc3+ 32.bxc3 Nf6 33.Re5 Rb8 34.Bf3 Rb1+ 35.Kf2 Rc1 36.f5 exf5
37.Rxf5 Rxc3 38.Ra5 Rd3 39.Ke2 Rd6 40.Rc5 Rb6 41.Ke3 Nd7 42.Rxc4 Kf8 43.Rc6 Ke7
44.Rxb6 Nxb6 45.Kd4 Kd6 46.h4 f6 47.h5 Nd7 48.Bb7 Nc5 49.Bc8 Ne6+ 50.Bxe6 Kxe6
51.Kc5  1-0

[Event "Lee Cup"]
[Site "Beijing"]
[Date "1995.??.??"]
[Round "6"]
[White "Liang Jinrong"]
[Black "Al Modiahki, Mohamad"]
[Result "1/2-1/2"]
[WhiteElo "2450"]
[BlackElo "2445"]

1.e4 c5 2.Nf3 e6 3.d4 cxd4 4.Nxd4 Nc6 5.Nc3 Qc7 6.Be2 a6 7.O-O Nf6 8.Be3 Bb4
9.Na4 Be7 10.Nxc6 bxc6 11.Nb6 Rb8 12.Nxc8 Qxc8 13.e5 Nd5 14.Bc1 Bc5 15.Qd3 O-O
16.c4 Ne7 17.b3 Qc7 18.Bb2 Ng6 19.Qe4 Rfd8 20.Bh5 a5 21.Rad1 a4 22.Rd3  1/2-1/2

[Event "Belgrade Invest"]
[Site "Belgrade"]
[Date "1995.??.??"]
[Round "2"]
[White "Ivanchuk, Vassily"]
[Black "Ljubojevic, Ljubomir"]
[Result "1/2-1/2"]
[WhiteElo "2740"]
[BlackElo "2600"]

1.e4 c5 2.Nf3 e6 3.d4 cxd4 4.Nxd4 Nc6 5.Nc3 Qc7 6.Be3 a6 7.Qd2 Nf6 8.O-O-O Bb4
9.f3 Ne5 10.Nb3 b5 11.Bd4 Bb7 12.Kb1 Be7 13.Na5 d6 14.Ne2  1/2-1/2

[Event "Belgrade Minex"]
[Site "Belgrade"]
[Date "1995.??.??"]
[Round "3"]
[White "Todorovic, Goran M"]
[Black "Djokic, Nenad"]
[Result "1-0"]
[WhiteElo "2470"]
[BlackElo "2365"]

1.e4 c5 2.Nf3 Nc6 3.Nc3 e6 4.d4 cxd4 5.Nxd4 Qc7 6.Be2 a6 7.Be3 Nf6 8.O-O Bb4
9.Na4 b5 10.Nxc6 dxc6 11.Bc5 bxa4 12.Bxb4 c5 13.Ba3 Nxe4 14.Bf3 Bb7 15.Re1 f5
16.Bxe4 fxe4 17.Qh5+ g6 18.Qh3 O-O 19.Qxe6+ Qf7 20.Qxf7+ Rxf7 21.Rad1 Rc8
22.Rd6 Re7 23.h4 Kf7 24.Re3 Re6 25.Rd1 Rc7 26.Kh2 Re5 27.Rd8 Rd5 28.Rh8 Kg7
29.Rb8 Rf5 30.Kg3 h5 31.b3 axb3 32.axb3 Kf7 33.Bc1 Re5 34.Rh8 Ke6 35.Rc3 Rf5
36.Be3 a5 37.Rh6 Kf6 38.Bd4+ Ke6 39.Rxg6+ Kd5 40.Be3 c4 41.Rg5 Rxg5+ 42.hxg5 Rc8
43.Kf4 cxb3 44.Rxb3 Ba6 45.g6 Rxc2 46.Rb6 Rc6 47.g7  1-0

[Event "Berliner Sommer"]
[Site "Berlin"]
[Date "1995.??.??"]
[Round "1"]
[White "Husted, Peter"]
[Black "Soffer, Ram"]
[Result "0-1"]
[WhiteElo "2210"]
[BlackElo "2530"]

1.e4 c5 2.Nf3 e6 3.d4 cxd4 4.Nxd4 Nc6 5.Nc3 Qc7 6.Be2 a6 7.O-O Nf6 8.Kh1 Be7
9.f4 d6 10.f5 O-O 11.Bg5 h6 12.Be3 Nxd4 13.Qxd4 b5 14.fxe6 fxe6 15.a4 bxa4
16.Rxa4 Rb8 17.Rc4 Qd8 18.b3 Nd7 19.Qd2 Rxf1+ 20.Bxf1 Ne5 21.Ra4 Qf8 22.Ra1 Bb7
23.Be2 Qf6 24.Rf1 Qg6 25.Bf3 Rc8 26.Bd4 Bg5 27.Qf2 Nxf3 28.Qxf3 Bd2 29.Rf2 Be1
30.Re2 Bxc3  0-1

[Event "Berliner Sommer"]
[Site "Berlin"]
[Date "1995.??.??"]
[Round "1"]
[White "Hector, Jonny"]
[Black "Zoeller, R."]
[Result "1-0"]
[WhiteElo "2510"]
[BlackElo "2130"]

1.e4 c5 2.Nf3 Nc6 3.Nc3 e6 4.d4 cxd4 5.Nxd4 a6 6.f4 g6 7.Nxc6 bxc6 8.e5 f5
9.Be3 Ne7 10.Bc5 Nd5 11.Bxf8 Nxc3 12.Qf3 Ne4 13.Ba3 c5 14.Bd3 Bb7 15.Bxe4 Bxe4
16.Qf2 c4 17.Rd1 Qa5+ 18.c3 Bd5 19.Rd4 h6 20.O-O Kf7 21.Rfd1 Rab8 22.Kh1 g5
23.fxg5 Qb6 24.R1d2 d6 25.g6+ Kxg6 26.Bxd6 Rb7 27.Qg3+ Kh7 28.Qh3 Rg8 29.Rh4 Rg6
30.Bf8 Rbg7 31.Bxg7 Kxg7 32.Rhd4 Kh7 33.Rxd5 exd5 34.Qxf5 Qe3 35.Rf2 Qc1+
36.Rf1 Qxb2 37.Qf7+ Rg7 38.Qxd5 Qxc3 39.Qe4+ Kg8 40.Rb1 Kf7 41.Qf5+  1-0

[Event "Berliner Sommer"]
[Site "Berlin"]
[Date "1995.??.??"]
[Round "1"]
[White "Mantau, Jan"]
[Black "Tregubov, Pavel V"]
[Result "0-1"]
[WhiteElo "2060"]
[BlackElo "2490"]

1.e4 c5 2.Nf3 e6 3.d4 cxd4 4.Nxd4 Nc6 5.Nc3 Qc7 6.Be2 a6 7.O-O Nf6 8.Be3 Bb4
9.f3 O-O 10.Nb1 d5 11.Nxc6 bxc6 12.Bd3 Bd6 13.h3 Nh5 14.Bf2 Rb8 15.b3 Be5
16.c3 Qe7 17.Qc2 Qg5 18.g4 Qf4 19.Be1 Ng3 20.Rf2 dxe4 21.fxe4 Qe3 22.Qd2 Qc5
23.Kg2 Rd8 24.Qc2 Qe3 25.Be2 Bb7 26.Na3 c5 27.Bf3 Bxe4 28.Nc4 Bxc2 29.Nxe3 Be4
30.Nc4 Bc7 31.Rd2 Rxd2+ 32.Nxd2 Bxf3+ 33.Kxf3 Rd8 34.Rd1 Rd3+ 35.Kg2 Ne4
36.Kf1 Rd8  0-1

[Event "Berliner Sommer"]
[Site "Berlin"]
[Date "1995.??.??"]
[Round "4"]
[White "Malisauskas, Vidmantas"]
[Black "Suetin, Alexey S"]
[Result "0-1"]
[WhiteElo "2510"]
[BlackElo "2445"]

1.e4 c5 2.Nf3 e6 3.d4 cxd4 4.Nxd4 Nc6 5.Nc3 Qc7 6.Be3 a6 7.a3 b5 8.f4 Bb7
9.Nb3 d6 10.Bd3 Nf6 11.O-O Be7 12.Qf3 O-O 13.Qh3 g6 14.f5 exf5 15.exf5 Ne5
16.Bg5 Rae8 17.Rae1 Nfg4 18.Bxe7 Rxe7 19.Rxe5 Nxe5 20.f6 Re6 21.Qh6 Rxf6
22.Rxf6 Qb6+ 23.Rf2 Qxf2+  0-1

[Event "Berliner Sommer"]
[Site "Berlin"]
[Date "1995.??.??"]
[Round "4"]
[White "Coenen, Norbert"]
[Black "Milov, Leonid"]
[Result "1/2-1/2"]
[WhiteElo "2320"]
[BlackElo "2480"]

1.e4 c5 2.Nf3 e6 3.d4 cxd4 4.Nxd4 Nc6 5.Nc3 a6 6.Be2 Qc7 7.O-O Nf6 8.Kh1 Be7
9.Be3 O-O 10.f4 d6 11.Qe1 Nxd4 12.Bxd4 b5 13.a3 Bb7 14.Qg3 Rae8 15.Rae1 Bd8
16.e5 dxe5 17.Bxe5 Qc8 18.Bd3 g6 19.Qh3 Qc6 20.Re3 Nh5 21.Be4 Qb6 22.Bxb7 Qxb7
23.Qxh5 f6 24.Qe2 fxe5 25.Rxe5 Qc6 26.Re4 Bf6 27.Nd1 Bg7 28.Re1 Rf5 29.c3 Bh6
30.g3 e5 31.Qg2 Rd8 32.Rxe5 Qxg2+ 33.Kxg2 Rxe5 34.fxe5 Rd2+ 35.Kf3 Kf7 36.e6+ Ke7
37.h3 Rd3+ 38.Ne3 Kxe6 39.Re2 Kf7 40.Ke4 Rd8 41.Rf2+  1/2-1/2